| 000 | 00611nam a22002177a 4500 | ||
|---|---|---|---|
| 003 | OSt | ||
| 005 | 20191021103710.0 | ||
| 008 | 191021b xxu||||| |||| 00| 0 spa d | ||
| 020 | _a950-802-082-2 | ||
| 040 | _cBiblioteca Ernesto Sábato | ||
| 092 |
_a361.1 _bA657 _eBLYNK |
||
| 100 | _aAquín, Nora | ||
| 245 | _aMesa de concertación de Políticas Sociales : ¿modelo para replicar? | ||
| 260 |
_aBuenos Aires _bEspacio _c1998 |
||
| 300 | _a164 p | ||
| 440 |
_aCiencias Sociales. _p Novedades |
||
| 650 | _aPOLITICAS SOCIALES | ||
| 650 | _a/BLYNK/ | ||
| 700 | _aCristina González | ||
| 942 |
_2ddc _cBLYNK |
||
| 999 |
_c34047 _d34047 |
||